| 000 | 01833nam a2200241Ia 4500 | ||
|---|---|---|---|
| 008 | 260220t2000||||xx |||||||||||||| ||spa|| | ||
| 040 |
_aPY-SlUNAC _bspa _erda |
||
| 041 | _aspa | ||
| 082 |
_a610 _bSam42P |
||
| 100 |
_aSamaniego Ayala, Castor _eAutor |
||
| 245 | 0 |
_aPautas de la conducta médica : _bcuadros quirúrgico frecuentes en la guardia hospitalaria / _cpor Castor Samaniego Ayala [Autor] |
|
| 264 |
_aAsunción : _bEditorial EFACIM, _c℗2000. |
||
| 300 | _a1 volumen | ||
| 520 | _aEl libro "Pautas de la conducta médica: cuadros quirúrgico frecuentes en la guardia hospitalaria" de Castor Samaniego Ayala es una guía práctica destinada a profesionales de la salud, especialmente a aquellos que trabajan en entornos de emergencia y hospitalización. A lo largo de sus capítulos, el autor aborda diversas situaciones quirúrgicas comunes que pueden presentarse en la guardia, proporcionando protocolos claros y concisos para la evaluación y el manejo inicial de estas condiciones. La obra se enfoca en la importancia de una respuesta rápida y efectiva ante emergencias médicas, enfatizando la necesidad de un enfoque sistemático en la toma de decisiones. Además, incluye recomendaciones sobre la comunicación con el paciente y la familia, así como la importancia de la documentación adecuada. A través de ejemplos y casos clínicos, Samaniego Ayala busca equipar a los profesionales con herramientas que les permitan actuar con confianza y competencia en situaciones críticas, mejorando así la atención al paciente en un entorno hospitalario. | ||
| 653 | _aConducta médica | ||
| 653 | _aCuidados de salud | ||
| 653 | _aMedicina | ||
| 942 |
_b2026/02/17 _cBK |
||
| 999 |
_c8402 _d8402 |
||